| 000 | 00794nam a2200289 a 4500 | ||
|---|---|---|---|
| 003 | AR-BaBNM | ||
| 005 | 20251128205102.0 | ||
| 008 | 082120s2002 ||||||||||||||000 | spa|| | ||
| 020 | _a950-526-087-3 | ||
| 040 | _cAR-BaBNM | ||
| 100 | 1 | _aCappelletti, Carlos Alberto | |
| 245 | 0 | 0 | _aElementos de estadística |
| 250 | _a2ª ed. | ||
| 260 |
_aBuenos Aires _bCesarini _c1993 |
||
| 300 |
_a368 p. _bil., gráfs., tablas |
||
| 500 | _aIndice temático p. 365-368 | ||
| 500 | _aTablas al final del libro | ||
| 500 | _aPrólogo por el autor | ||
| 504 | _aBibliografía p. 363-364 | ||
| 650 | 4 | _aESTADISTICA | |
| 650 | 4 | _aDATOS ESTADISTICOS | |
| 650 | 4 | _aTEORIA DE LAS PROBABILIDADES | |
| 650 | 4 | _aMUESTREO DE DATOS | |
| 650 | 4 | _aANALISIS DE DATOS | |
| 942 | _cBK | ||
| 998 | _cCarmen | ||
| 999 |
_c9925 _d9925 |
||